000
00276nam a2200121 a 4500
001
4144
005
20140414131935.0
008
090317s19uu xx 00 eng d
050
_a
REF 591.9
_b
C81 2006
245
_a
Coral reef.
440
_a
What can eye see?
999
_c
112395
_d
112395